Computer simulation of functioning of elements of security systems; Journal of Physics: Conference Series; Vol. 803 : Information Technologies in Business and Industry (ITBI2016)
| Parent link: | Journal of Physics: Conference Series Vol. 803 : Information Technologies in Business and Industry (ITBI2016).— 2017.— [012049, 4 p.] |
|---|---|
| المؤلف الرئيسي: | |
| مؤلف مشترك: | |
| مؤلفون آخرون: | , |
| الملخص: | Title screen The article is devoted to issues of development of the informational complex for simulation of functioning of the security system elements. The complex is described from the point of view of main objectives, a design concept and an interrelation of main elements. The proposed conception of the computer simulation provides an opportunity to simulate processes of security system work for training security staff during normal and emergency operation. |
| اللغة: | الإنجليزية |
| منشور في: |
2017
|
| الموضوعات: | |
| الوصول للمادة أونلاين: | http://dx.doi.org/10.1088/1742-6596/803/1/012049 http://earchive.tpu.ru/handle/11683/38148 |
| التنسيق: | الكتروني فصل الكتاب |
| KOHA link: | https://koha.lib.tpu.ru/cgi-bin/koha/opac-detail.pl?biblionumber=654337 |
MARC
| LEADER | 00000nla2a2200000 4500 | ||
|---|---|---|---|
| 001 | 654337 | ||
| 005 | 20240209105006.0 | ||
| 035 | |a (RuTPU)RU\TPU\network\19931 | ||
| 035 | |a RU\TPU\network\19929 | ||
| 090 | |a 654337 | ||
| 100 | |a 20170425a2017 k y0engy50 ba | ||
| 101 | 0 | |a eng | |
| 105 | |a y z 100zy | ||
| 135 | |a drgn ---uucaa | ||
| 181 | 0 | |a i | |
| 182 | 0 | |a b | |
| 200 | 1 | |a Computer simulation of functioning of elements of security systems |f A. V. Godovykh, B. P. Stepanov, A. A. Sheveleva | |
| 203 | |a Text |c electronic | ||
| 300 | |a Title screen | ||
| 320 | |a [References: 12 tit.] | ||
| 330 | |a The article is devoted to issues of development of the informational complex for simulation of functioning of the security system elements. The complex is described from the point of view of main objectives, a design concept and an interrelation of main elements. The proposed conception of the computer simulation provides an opportunity to simulate processes of security system work for training security staff during normal and emergency operation. | ||
| 461 | 0 | |0 (RuTPU)RU\TPU\network\3526 |t Journal of Physics: Conference Series | |
| 463 | 0 | |0 (RuTPU)RU\TPU\network\19875 |t Vol. 803 : Information Technologies in Business and Industry (ITBI2016) |o International Conference, 21–26 September 2016, Tomsk, Russian Federation |o [proceedings] |f National Research Tomsk Polytechnic University (TPU) ; eds. N. V. Martyushev ; V. S. Avramchuk ; V. A. Faerman |v [012049, 4 p.] |d 2017 | |
| 610 | 1 | |a электронный ресурс | |
| 610 | 1 | |a труды учёных ТПУ | |
| 610 | 1 | |a компьютерное моделирование | |
| 610 | 1 | |a функционирование | |
| 610 | 1 | |a системы безопасности | |
| 610 | 1 | |a информационные комплексы | |
| 610 | 1 | |a обучение | |
| 610 | 1 | |a персонал | |
| 610 | 1 | |a аварийные работы | |
| 700 | 1 | |a Godovykh |b A. V. |c physicist |c Senior Lecturer of Tomsk Polytechnic University |f 1983- |g Aleksey Valeryevich |3 (RuTPU)RU\TPU\pers\31218 | |
| 701 | 1 | |a Stepanov |b B. P. |c specialist in the field of nuclear power engineering |c Associate Professor of Tomsk Polytechnic University, Candidate of technical science |f 1960- |g Boris Pavlovich |3 (RuTPU)RU\TPU\pers\32630 |9 16542 | |
| 701 | 1 | |a Sheveleva |b A. A. | |
| 712 | 0 | 2 | |a Национальный исследовательский Томский политехнический университет (ТПУ) |b Физико-технический институт (ФТИ) |b Кафедра физико-энергетических установок (№ 21) (ФЭУ) |3 (RuTPU)RU\TPU\col\18730 |
| 801 | 2 | |a RU |b 63413507 |c 20170428 |g RCR | |
| 856 | 4 | |u http://dx.doi.org/10.1088/1742-6596/803/1/012049 | |
| 856 | 4 | |u http://earchive.tpu.ru/handle/11683/38148 | |
| 942 | |c CF | ||